| 000 | 00589nam a22001817a 4500 | ||
|---|---|---|---|
| 999 |
_c182724 _d182724 |
||
| 005 | 20211202155435.0 | ||
| 010 | _aENG-130179 | ||
| 020 |
_a978-81-947388-2-4 _c400.00 |
||
| 035 | _aEN-113711 | ||
| 037 | _bDBAD/PUB | ||
| 082 | _a370 | ||
| 100 | _aMohanasundaram, K. | ||
| 245 |
_aRecent Trends in Education: _cK. Mohanasundaram |
||
| 260 |
_aGujarat _c2020 _bKrishna Publication House |
||
| 270 |
_bGujarat _a303, Yashkunj Apartment, Devbaug, Anantwadi, Bhavnagar _e364002 _mkrishnapublication62@gmail.com |
||
| 300 |
_a136p. _c21cm(hbk) |
||
| 942 |
_2ddc _cEN _h370 _mMOH |
||